| 000 | 00539nam a2200229Ia 4500 | ||
|---|---|---|---|
| 003 | OSt | ||
| 005 | 20221007082520.0 | ||
| 006 | a|||||r|||| 00| 0 | ||
| 007 | ta | ||
| 008 | 221006b |||||||| |||| 00| 0 eng d | ||
| 024 | _a7,774 | ||
| 037 | _cTextual | ||
| 040 |
_aFLL _cFLL _beng |
||
| 041 |
_2eng _aeng |
||
| 082 | _aX:9:Z2, M6 | ||
| 100 |
_aPuri S.K. _9308182 |
||
| 245 | 0 | _aLabour laws | |
| 260 | _c1986 | ||
| 300 |
_axxix,505,xi _ccm. |
||
| 942 |
_hX:9:Z2, M6 _cTEXL _2CC |
||
| 999 |
_c1166685 _d1166685 |
||